000 00569nam a2200181 i 4500
001 23412
003 ES-MaACL
005 20230906152852.0
007 t|
008 021210s1978 sp ||||1| spa d
100 1 _aAllen, R. G. D.
_919999
245 1 0 _aAnálisis matemático para economistas /
_cR.G.D. Allen ; traducción, adaptación y notas por Emilio de Figueroa.
250 _a[8ª ed.].
260 _aMadrid :
_bAguilar,
_c[1978]
300 _aXXIII, 548 p. :
_bil. ;
_c22 cm.
700 1 _aFigueroa, Emilio de.
_950780
852 _aES-MaACL
_jA-9802
_bR.98216
999 _c23412
_d23412